[Event "New Delhi Parsvnath op 10th"]
[Site "New Delhi"]
[Date "2012.01.16"]
[Round "3"]
[White "Ma, Qun"]
[Black "Pallavi, Dutta"]
[Result "1-0"]
[WhiteElo "2475"]
[BlackElo "1815"]
[PlyCount "63"]
[EventDate "2012.01.15"]
[EventType "swiss"]
[EventRounds "11"]
[EventCountry "IND"]
[SourceTitle "CBM 146 Extra"]
[Source "ChessBase"]
[SourceDate "2012.02.29"]
[SourceVersion "1"]
[SourceVersionDate "2012.02.29"]
[SourceQuality "1"]

1. d4 d5 2. c4 e6 3. Nc3 Nf6 4. Bf4 c6 5. e3 Be7 6. Nf3 Nbd7 7. Bd3 dxc4 8. Bxc4 b5 9. Bd3 a6 10. 0-0 0-0 11. Ne4 c5 12. Nxf6+ Nxf6 13. dxc5 Bxc5 14. Qc2 Be7 15. Rfd1 Qb6 16. Ne5 h6 17. Rac1 Bd8 18. Nc6 Nd5 19. Bd6 Re8 20. Bh7+ Kh8 21. Ne5 Qb7 22. Bg6 fxg6 23. Qxg6 Re7 24. Bxe7 Bxe7 25. Nf7+ Kg8 26. Nxh6+ Kh8 27. Rd4 Bf6 28. Rg4 Bd7 29. Nf7+ Kg8 30. Nd6 Qb6 31. Qf7+ Kh8 32. Rg3 1-0

[Event "New Delhi Parsvnath op 10th"]
[Site "New Delhi"]
[Date "2012.01.15"]
[Round "1"]
[White "Oleksienko, Mikhailo"]
[Black "Pallavi, Dutta"]
[Result "1-0"]
[WhiteElo "2563"]
[BlackElo "1815"]
[PlyCount "96"]
[EventDate "2012.01.15"]
[EventType "swiss"]
[EventRounds "11"]
[EventCountry "IND"]
[SourceTitle "CBM 146 Extra"]
[Source "ChessBase"]
[SourceDate "2012.02.29"]
[SourceVersion "1"]
[SourceVersionDate "2012.02.29"]
[SourceQuality "1"]

1. e4 e5 2. Nf3 Nc6 3. Bb5 a6 4. Bxc6 dxc6 5. 0-0 Bd6 6. d4 Bg4 7. dxe5 Bxf3 8. Qxf3 Bxe5 9. Qb3 b6 10. Nd2 Ne7 11. Nf3 Ng6 12. Nxe5 Nxe5 13. Qc3 Qf6 14. f4 Nd7 15. e5 Qe6 16. f5 Qd5 17. Be3 0-0-0 18. Rfd1 Qe4 19. Rd4 Qxf5 20. Qxc6 Nb8 21. Qc3 Rxd4 22. Bxd4 Qe6 23. Qb3 Nc6 24. Bc3 Re8 25. Qa4 Kb7 26. Re1 Qg6 27. a3 Re6 28. h3 f6 29. exf6 Rxe1+ 30. Bxe1 Qxf6 31. Bc3 Qe7 32. Kf2 g6 33. Kf3 Qf7+ 34. Qf4 Qd5+ 35. Qe4 Qh5+ 36. Kg3 Qg5+ 37. Kh2 Qd8 38. h4 Qd6+ 39. Kh3 Qd7+ 40. Kg3 Qd6+ 41. Kg4 Qd8 42. a4 a5 43. Kg3 Qd7 44. Kf4 Ka7 45. Kg5 Nd8 46. g4 Nf7+ 47. Kf6 Nd6 48. Qe7 Qe8 1-0

[Event "Commonwealth-ch"]
[Site "New Delhi"]
[Date "2010.05.10"]
[Round "1"]
[White "Pallavi, Dutta"]
[Black "Anwesh, Upadhyaya"]
[Result "0-1"]
[WhiteElo "1838"]
[BlackElo "2419"]
[PlyCount "92"]
[EventDate "2010.05.10"]
[EventType "swiss"]
[EventRounds "11"]
[EventCountry "IND"]
[SourceTitle "CBM 136 Extra"]
[Source "ChessBase"]
[SourceDate "2010.07.02"]
[SourceVersion "2"]
[SourceVersionDate "2010.07.15"]
[SourceQuality "1"]

1. f4 g6 2. d4 Bg7 3. Nf3 d5 4. e3 Bf5 5. Be2 Nf6 6. 0-0 0-0 7. Nbd2 c5 8. Ne5 Nc6 9. Ndf3 Qb6 10. Kh1 Rac8 11. c3 Rfd8 12. Ng5 Nxe5 13. fxe5 Ne4 14. Nxe4 Bxe4 15. Qb3 c4 16. Qd1 f6 17. exf6 exf6 18. Bf3 Re8 19. Bxe4 Rxe4 20. Qc2 f5 21. Bd2 Bh6 22. Rae1 Rce8 23. Qc1 Qa6 24. a3 Qe6 25. g3 Bxe3 26. Bxe3 Rxe3 27. Rxe3 Qxe3 28. Qxe3 Rxe3 29. Rf2 Kg7 30. Kg2 h5 31. Kf1 Kf6 32. Rd2 g5 33. Kf2 Re4 34. h3 Ke6 35. b3 cxb3 36. Rb2 Kd6 37. Rxb3 Kc6 38. Rb1 h4 39. gxh4 Rxh4 40. Kg3 Re4 41. Kf3 g4+ 42. hxg4 fxg4+ 43. Kf2 Rf4+ 44. Kg2 Rf3 45. Rb3 b5 46. Kh2 a5 0-1

[Event "IND-chB (Women) 34th"]
[Site "Hyderabad"]
[Date "2007.05.21"]
[Round "?"]
[White "Pallavi, Dutta"]
[Black "Mohana, Sengupta"]
[Result "1-0"]
[WhiteElo "1830"]
[BlackElo "1945"]
[PlyCount "50"]
[EventDate "2007.05.21"]
[EventType "swiss"]
[EventRounds "11"]
[EventCountry "IND"]
[SourceTitle "EXT 2010"]
[Source "ChessBase"]
[SourceDate "2010.11.25"]
[SourceVersion "1"]
[SourceVersionDate "2010.11.25"]
[SourceQuality "1"]

1. e4 c5 2. Nf3 d6 3. d4 cxd4 4. Nxd4 Nf6 5. Nc3 a6 6. f3 e6 7. Be3 b5 8. Qd2 b4 9. Nce2 e5 10. Nb3 Nc6 11. 0-0-0 Be6 12. g4 a5 13. Kb1 Qb8 14. Ng3 a4 15. Nc1 b3 16. a3 bxc2+ 17. Qxc2 Qb7 18. Bc4 Be7 19. Nf5 0-0 20. Bxe6 fxe6 21. Qxc6 Rfb8 22. Qxb7 Rxb7 23. Nxe7+ Rxe7 24. Rxd6 Rb8 25. Rhd1 Kf7 1-0

[Event "IND-chB (Women) 34th"]
[Site "Hyderabad"]
[Date "2007.05.21"]
[Round "?"]
[White "Pallavi, Dutta"]
[Black "Shruthi, K."]
[Result "1/2-1/2"]
[WhiteElo "1830"]
[BlackElo "1953"]
[PlyCount "40"]
[EventDate "2007.05.21"]
[EventType "swiss"]
[EventRounds "11"]
[EventCountry "IND"]
[SourceTitle "EXT 2010"]
[Source "ChessBase"]
[SourceDate "2010.11.25"]
[SourceVersion "1"]
[SourceVersionDate "2010.11.25"]
[SourceQuality "1"]

1. e4 e6 2. d4 d5 3. exd5 exd5 4. c4 c6 5. Nf3 Bd6 6. Nc3 Qe7+ 7. Qe2 dxc4 8. Qxe7+ Nxe7 9. Bxc4 h6 10. 0-0 0-0 11. d5 cxd5 12. Nxd5 Nbc6 13. Nxe7+ Nxe7 14. Rd1 Bc7 15. h3 a6 16. b3 Nc6 17. Bb2 Rb8 18. Ba3 Re8 19. Bd5 Be6 20. Bxe6 Rxe6 1/2-1/2